'We Are The World' lyrics - Statistics

General Stats
  • This quiz has been taken 111 times
  • The average score is 399 of 500
Answer Stats
Hint Lyrics % Correct
a
99%
the
99%
we
99%
We
99%
are
96%
who
96%
world
96%
1 There
93%
there
93%
on
90%
children
89%
one
89%
when
89%
When
89%
so
86%
time
86%
to
86%
and
85%
come
85%
Come
85%
day
85%
ones
83%
Let
81%
let
81%
make
81%
together
81%
you
81%
all
80%
All
80%
as
80%
be
80%
comes
80%
let's
80%
start
80%
giving
79%
me
78%
people
78%
call
77%
can
77%
it's
77%
It's
77%
is
75%
must
75%
we're
75%
We're
75%
better
74%
choice
74%
making
74%
our
74%
certain
73%
dying
73%
go
73%
There's
73%
there's
73%
hear
72%
just
72%
brighter
70%
by
70%
lives
70%
great
68%
need
68%
of
68%
oh
68%
Oh
68%
saving
68%
no
67%
that
67%
change
65%
hand
65%
life
65%
true
65%
at
64%
will
64%
stand
63%
us
63%
well
63%
Well
63%
we'll
63%
love
62%
own
62%
can't
60%
family
60%
God
60%
greatest
60%
know
60%
lend
60%
someone
60%
gift
59%
believe
58%
pretending
58%
part
57%
out
56%
truth
56%
your
56%
but
54%
down
54%
God's
54%
hope
54%
heed
53%
if
53%
realize
53%
heart
52%
free
51%
them
49%
fall
48%
helping
48%
way
48%
you're
48%
seems
46%
cares
44%
only
44%
soon
44%
send
43%
stronger
43%
shown
42%
somewhere
42%
their
42%
bread
41%
stone
41%
turning
41%
yeah
35%
they'll
28%
right
23%
y'all
11%
No matching quizzes found
Score Distribution
Percent of People with Each Score
Percentile by Number Answered
Your Score History
You have not taken this quiz